00513nam a22001817a 4500003001100000005001700011008004100028020001500069040003900084041000800123082001300131100001900144245001400163250001200177260004100189300008700230650001400317LK-CoMWRAF20231218133902.0231217b1987 |||||||| |||| 00| 0 eng d a0879012455 aLK-CoMWRAFdLK-CoMWRAFeLK-CoMWRAF aeng a301bROB aRobertson, Ian aSociology a3rd ed. aNew York:bWorth Publishers, c1987 a xvii, 713 p. : ill. (some color) ; 28 cmbBibliography, glossary & index included aSOCIOLOGY